Vista normal Vista MARC
  • Auladell, Pablo,

Entrada Nombre Personal

Número de registros utilizados en: 1

001 - NUMERO DE CONTROL

  • campo de control: 46549

003 - IDENTIFICADOR DE NUMERO DE CONTROL

  • campo de control: UPN

005 - FECHA Y HORA DE LA ÜLTIMA TRANSACCIÓN

  • campo de control: 20220920165831.0

008 - DATOS DE LONGITUD FIJA

  • campo de control de longitud fija: 220920|| aca||aabn | a|a d

040 ## - FUENTE DE CATALOGACIÓN

  • Agencia original de catalogación: UPN

100 1# - ENCABEZAMIENTO - NOMBRE PERSONAL

  • Nombre personal: Auladell, Pablo,
  • Fechas asociadas con el nombre: 1972-

670 ## - FUENTE EN LA QUE SE LOCALIZARON DATOS

  • Cita de la fuente: LC

680 ## - NOTA PUBLICA DE ACCESO PÚBLICO

  • Frase explicativa de la referencia: Ilustrador español

902 ## - CATALOGADOR

  • Catalogador: CAA/200922